| 000 | 00694cam a22002531 4500 | ||
|---|---|---|---|
| 001 | sa 68010478 | ||
| 003 | DLC | ||
| 005 | 20260227112552.0 | ||
| 008 | 710426s1968 ii b 000 0 eng | ||
| 010 | _asa 68010478 | ||
| 025 | _aPL480: I-E-10999 | ||
| 040 |
_aDLC _cDLC _dDLC |
||
| 043 | _aa-ii--- | ||
| 050 | 0 | 0 |
_aKNS3407 _b.D83 1968 |
| 082 | 0 | 0 | _a347.9 |
| 100 | 1 |
_aDubey, Harihar Prasad, _d1922- |
|
| 245 | 1 | 2 | _aA short history of the judicial systems of India and some foreign countries. |
| 260 |
_aBombay, _bN. M. Tripathi _c[1968] |
||
| 300 |
_axliv, 655 p. _c23 cm. |
||
| 350 | _a36.00 | ||
| 504 | _aBibliography: p. 617-622. | ||
| 650 | 0 |
_aCourts _zIndia. |
|
| 650 | 0 | _aCourts. | |
| 999 |
_c83407 _d83407 |
||